| 000 | 00654nam a22001817a 4500 | ||
|---|---|---|---|
| 005 | 20230216014311.0 | ||
| 008 | 230216b |||||||| |||| 00| 0 eng d | ||
| 020 | _a978-621-427-073-6 | ||
| 082 | _aFil. 004.6 P788 2020 | ||
| 100 |
_aPomperada, Jake R. _eauthor |
||
| 245 |
_aIntroduction to computer networking / _cJake Rodriguez Pomperada. MAED-IT, and Dino Landao Ilustrisimo, BSIT |
||
| 260 |
_aManila: _bUnlimited Books Library Services and Publishing, _cc2020. |
||
| 300 |
_ax, 242p.; _bill. |
||
| 504 | _aIncludes references | ||
| 541 | _e6913 c.1, 6914 c.2, 6915 c.3 | ||
| 650 | _aComputer networks | ||
| 700 |
_aIlustrisimo, Dino L. _eauthor |
||
| 999 |
_c1140 _d1140 |
||